Confirmación de la norma y equilibrio en la identidad : sobre la legitimación de la pena estatal /
Saved in:
| Hovedforfatter: | |
|---|---|
| Andre forfattere: | , , |
| Format: | Electronisk eBog |
| Sprog: | spansk tysk |
| Udgivet: |
Bogotá :
Universidad Externado de Colombia, Centro de Investigación en Filosofía y Derecho,
[2019]
|
| Udgivelse: | Primera edición. |
| Serier: | Colección de estudios (Universidad Externado de Colombia) ;
no. 49. |
| Fag: | |
| Online adgang: | Digitalia Hispánica |
| Tags: |
Tilføj Tag
Ingen Tags, Vær først til at tagge denne postø!
|
MARC
| LEADER | 00000nam a2200000Ii 4500 | ||
|---|---|---|---|
| 001 | DIGUEXTER0521 | ||
| 003 | NyNyDIG | ||
| 006 | m o d | ||
| 007 | cr ||||||||||| | ||
| 008 | 220408s2019 ck o 000 0 spa d | ||
| 035 | |a (OCoLC)1319855737 | ||
| 040 | |a DGITA |b eng |e rda |e pn |c DGITA | ||
| 020 | |a 9789587902075 |q eBook |q pdf | ||
| 020 | |z 9789587901597 | ||
| 041 | 1 | |a spa |h ger | |
| 050 | 1 | 4 | |a K5103 ebook |
| 100 | 1 | |a Pawlik, Michael, |e author. | |
| 240 | 1 | 0 | |a Normbestätigung und identitätsbalance. |l Spanish |s (Robles Planas, Pastor Muñoz and Coca Vila) |
| 245 | 1 | 0 | |a Confirmación de la norma y equilibrio en la identidad : |b sobre la legitimación de la pena estatal / |c Michael Pawlik ; traducción a cargo de Ricardo Robles Planas, Nuria Pastor Muñoz, Ivó Coca Vila. |
| 250 | |a Primera edición. | ||
| 264 | 1 | |a Bogotá : |b Universidad Externado de Colombia, Centro de Investigación en Filosofía y Derecho, |c [2019] | |
| 300 | |a 1 online resource. | ||
| 336 | |a text |b txt |2 rdacontent | ||
| 337 | |a computer |b c |2 rdamedia | ||
| 338 | |a online resource |b cr |2 rdacarrier | ||
| 347 | |a text file |2 rdaft | ||
| 347 | |b PDF | ||
| 490 | 1 | |a Colección de estudios ; |v no. 49 | |
| 588 | 0 | |a Online resource; title from PDF title page (Digitalia, viewed April 8, 2022) | |
| 650 | 0 | |a Criminal law |x Philoshopy. | |
| 650 | 0 | |a Punishment. | |
| 650 | 0 | |a Criminal liability. | |
| 650 | 0 | |a Natural law. | |
| 655 | 0 | |a Electronic books. | |
| 700 | 1 | |a Robles Planas, Ricardo, |e translator. | |
| 700 | 1 | |a Pastor Muñoz, Nuria, |e translator. | |
| 700 | 1 | |a Coca Vila, Ivó, |e translator. | |
| 700 | 1 | |i Translation of: |a Pawlik, Michael. |t Normbestätigung und identitätsbalance. | |
| 791 | 2 | |a Digitalia (Firm), |e distributor. | |
| 793 | 0 | |g Digitalia eBook Collection: |a Universidad Externado de Colombia | |
| 776 | 0 | 8 | |i Print version: |a Pawlik, Michael. |s Normbestätigung und identitätsbalance. Spanish (Robles Planas, Pastor Muñoz and Coca Vila). |t Confirmación de la norma y equilibrio en la identidad. |b Primera edición. |d Bogotá : Universidad Externado de Colombia, Centro de Investigación en Filosofía y Derecho, [2019] |z 9789587901597 |
| 830 | 0 | |a Colección de estudios (Universidad Externado de Colombia) ; |v no. 49. | |
| 856 | 4 | 0 | |3 Digitalia Hispánica |u https://digitalia.unach.elogim.com/a/82859/ |
| 910 | |a Premium collection: 2022 | ||